000 00693nam a22002177a 4500
999 _c13058
_d13058
003 AR-CdUCM
008 190411b ||||| |||| 00| 0 spa d
040 _aMUNICIPALIDAD PROVINCIAL DEL CUSCO
_cBIBLIOTECA MUNICIPAL DEL CUSCO
082 _aES / 373.808 /
_bM36
100 _aMedina Bustinza, Alejandro
_913019
245 _aApu Runco :
_bPoemas y cuentos /
260 _aLima :
_bMachu Huillca,
_c1991.
300 _a79 paginas ;
_bIlustraciones, graficos, dibujos,
_c21 cm.
500 _aPoemas y cuentos
650 _aPoemas
_9929
650 _aCuentos
_9217
650 _aLiteratura
_983
700 _aIzquierdo Duclos, Angel
_931245
942 _2ddc
_cLIBROS
945 _apjha
_d2019-04-11